Moderná kalkulačná metóda - target costing
Kalkulácia cieľových nákladov – podstata metódy. Model kalkulácie cieľových nákladov. Prínos kalkulácie cieľových nákladov.
Na minha lista:
| Autor principal: | |
|---|---|
| Formato: | Capítulo de Livro |
| Idioma: | eslovaco |
| Assuntos: | |
| Tags: |
Sem tags, seja o primeiro a adicionar uma tag!
|
MARC
| LEADER | 00000nla$a2200000$$$4500 | ||
|---|---|---|---|
| 001 | 0096513 | ||
| 005 | 20240520091536.9 | ||
| 041 | 0 | |a slo | |
| 044 | |a SK | ||
| 245 | 1 | 0 | |a Moderná kalkulačná metóda - target costing |c Pavol Serina |
| 520 | |a Kalkulácia cieľových nákladov – podstata metódy. Model kalkulácie cieľových nákladov. Prínos kalkulácie cieľových nákladov. | ||
| 610 | 2 | 0 | |a kalkulácia nákladov |
| 610 | 2 | 0 | |a metóda ABC |
| 610 | 2 | 0 | |a znižovanie nákladov |
| 610 | 2 | 0 | |a riadenie podnikové |
| 100 | 1 | |a Serina, Pavol | |